Guess the 1960s song lyrics #5 - Statistics

General Stats
  • This quiz has been taken 44 times
  • The average score is 126 of 202
Answer Stats
Answer % Correct
I
100%
a
94%
the
92%
And
86%
and
86%
be
86%
we
86%
You
86%
is
83%
to
83%
When
83%
when
83%
where
83%
In
81%
it
81%
It
81%
were
81%
do
78%
if
78%
so
78%
Then
78%
then
78%
day
75%
have
75%
could
72%
my
72%
night
72%
live
69%
of
69%
that
69%
together
69%
know
67%
make
67%
Wouldn't
67%
wouldn't
67%
But
64%
long
64%
nice
64%
it's
61%
Oh
61%
only
58%
stay
58%
there
58%
older
56%
happy
53%
say
53%
up
53%
wait
53%
better
50%
much
50%
through
50%
belong
47%
makes
47%
married
47%
morning
47%
new
47%
was
47%
we'd
47%
world
47%
about
44%
couldn't
44%
every
44%
let's
44%
more
44%
wake
44%
without
44%
baby
42%
been
42%
gonna
42%
never
42%
Sleep
42%
talk
42%
thing
42%
true
42%
whole
42%
times
39%
worse
39%
Hold
36%
kind
36%
kiss
36%
might
36%
seems
36%
single
36%
After
33%
come
33%
each
33%
goodnight
33%
Goodnight
33%
think
33%
tight
33%
hope
31%
other
31%
spent
31%
we've
31%
wish
31%
close
28%
ending
28%
having
25%
pray
25%
spending
25%
Maybe
22%
Run
17%
run
17%
No matching quizzes found
Score Distribution
Percent of People with Each Score
Percentile by Number Answered
Your Score History
You have not taken this quiz